| Tag |
First Indicator |
Second Indicator |
Subfields |
| LEADER |
00000cam a2200000 4500 |
| 001 |
in00000056691 |
| 005 |
20151008050351.0 |
| 008 |
740415s1925 nyu b 00000 eng u |
| 010 |
|
|
|a 25024117
|
| 035 |
|
|
|a (OCoLC)00856841
|
| 035 |
|
|
|9 AAG0664AM
|
| 040 |
|
|
|c MDY
|d TXA
|d UtOrBLW
|
| 049 |
|
|
|a TXAM
|c 1 [25251]
|
| 050 |
|
0 |
|a E713
|b .N35
|
| 092 |
|
|
|a 327.73
|b N354d
|
| 100 |
1 |
|
|a Nearing, Scott,
|d 1883-1983.
|
| 245 |
1 |
0 |
|a Dollar diplomacy ;
|b a study in American imperialism /
|c by Scott Nearing and Joseph Freeman.
|
| 264 |
|
1 |
|a New York :
|b B.W. Huebsch and the Viking Press,
|c 1925.
|
| 300 |
|
|
|a xv, 353 pages :
|b maps, diagrams ;
|c 21 cm.
|
| 336 |
|
|
|a text
|b txt
|2 rdacontent
|
| 337 |
|
|
|a unmediated
|b n
|2 rdamedia
|
| 338 |
|
|
|a volume
|b nc
|2 rdacarrier
|
| 504 |
|
|
|a Bibliography: pages 333-345.
|
| 650 |
|
0 |
|a Imperialism.
|
| 651 |
|
0 |
|a United States
|x Territorial expansion.
|
| 651 |
|
0 |
|a United States
|x Economic policy.
|
| 651 |
|
0 |
|a United States
|x Foreign relations.
|
| 700 |
1 |
|
|a Freeman, Joseph,
|d 1897-1965.
|
| 999 |
|
|
|a MARS
|
| 999 |
f |
f |
|s c22c2a58-ee68-33f5-b66c-6ba037459490
|i 1b38a71c-0371-3d34-ab99-fef11b63a6c1
|t 0
|
| 952 |
f |
f |
|p normal
|a Texas A&M University
|b College Station
|c Sterling C. Evans Library
|d Evans: Library Stacks
|t 0
|e E713 .N35
|h Library of Congress classification
|i unmediated -- volume
|m A14800679319
|
| 998 |
f |
f |
|a E713 .N35
|t 0
|l Evans: Library Stacks
|